| 000 | 00376nam a2200157Ia 4500 | ||
|---|---|---|---|
| 008 | 230312s9999||||xx |||||||||||||| ||und|| | ||
| 020 | _a81-203-0086-6 | ||
| 082 |
_a515 _bWID-A |
||
| 100 | _aWidder;David.V | ||
| 245 | 0 | _aAdvance Calculus | |
| 260 |
_bPrentice Hall _aIndia _c2008 |
||
| 300 | _a520 | ||
| 546 | _aEng. | ||
| 650 |
_aEngineering _vAdvance Calculus |
||
| 942 | _cBK | ||
| 999 |
_c8914 _d8914 |
||